000
00376nam a2200157 a 4500
005
20140310183235.0
008
040709s19uu xx 00 eng d
050
_a
RB 145
_b
.N277 2002
100
_a
NTTC
245
_a
Tissues and membrane :
_b
AP4 /
_c
NTTC.
260
_c
2002.
300
_a
44 p. :
_c
22 cm.
942
_c
BK
_2
lcc
_k
LOC
999
_c
20540
_d
20540